000
00242nam a22000857a 4500
008
160704b xxu||||| |||| 00| 0 eng d
100
_9
1924
_a
Siddiqui, M.H
245
_a
Techniques of Classroom Teaching
260
_a
New Delhi
_b
APH Publication
_c
2005
999
_c
1626
_d
1626